21st Century Estate Agency : (Record no. 610374)

MARC details
000 -LEADER
fixed length control field 00483nam a2200181 a 4500
001 - CONTROL NUMBER
control field 1770285651782
003 - CONTROL NUMBER IDENTIFIER
control field YourLibrary
005 - DATE AND TIME OF LATEST TRANSACTION
control field 20260205153740.0
008 - FIXED-LENGTH DATA ELEMENTS--GENERAL INFORMATION
fixed length control field 260205s2005##################000#0#eng##
020 ## - INTERNATIONAL STANDARD BOOK NUMBER
International Standard Book Number 9780728204591
082 04 - DEWEY DECIMAL CLASSIFICATION NUMBER
Classification number 333.330285
Item number NOR
040 ## - CATALOGING SOURCE
Original cataloging agency YourLibrary
Language of cataloging eng
Transcribing agency YourLibrary
100 1# - MAIN ENTRY--PERSONAL NAME
Personal name Norwood, Graham,
Relator term author.
245 10 - TITLE STATEMENT
Title 21st Century Estate Agency :
260 ## - PUBLICATION, DISTRIBUTION, ETC.
Name of publisher, distributor, etc. Estate Gazette,
Date of publication, distribution, etc. 2005.
650 #0 - SUBJECT ADDED ENTRY--TOPICAL TERM
Topical term or geographic name entry element Real estate agents.
942 ## - ADDED ENTRY ELEMENTS (KOHA)
Koha item type English Books
Holdings
Withdrawn status Lost status Damaged status Not for loan Home library Current library Shelving location Date acquired Total Checkouts Full call number Barcode Date last seen Price effective from Koha item type
        Anna Centenary Library Anna Centenary Library 4TH FLOOR, A WING 05.02.2026   333.330285 NOR 340958 05.02.2026 05.02.2026 English Books

Find us on the map